000 00352nam a2200145Ia 4500
008 230917s9999||||xx |||||||||||||| ||und||
040 _e44654
_aMAIN
041 _aEnglish
082 _a338.10973 G634A
100 _aGoodwin, John W
245 0 _aAgricultural economic
260 _aVirginia
_bReston
_c1977
300 _axviii, 372 p.
942 _cBK
999 _c180094
_d180094